| 000 | 01537cam a2200409 a 4500 | ||
|---|---|---|---|
| 001 | 15549701 | ||
| 003 | EG-ScBUE | ||
| 005 | 20220102115353.0 | ||
| 008 | 081209s1998 enk f b 000 1 eng d | ||
| 020 | _a0192833642 | ||
| 020 | _a9780192833648 | ||
| 035 | _a(OCoLC)ocn226280285 | ||
| 040 |
_aUKM _beng _erda _cUKM _dBTCTA _dBAKER _dYDXCP _dOCLCG _dDLC _dEG-ScBUE |
||
| 043 | _ae-uk-en | ||
| 082 | 0 | 4 |
_a823.8 _222 _bELI |
| 100 | 1 |
_94658 _aEliot, George, _d1819-1880, _eauthor. |
|
| 245 | 1 | 4 |
_aThe mill on the floss / _cGeorge Eliot ; edited with notes by Gordon S. Haight ; with an introduction by Dinah Birch. |
| 264 | 1 |
_aOxford : _bOxford University Press, _c1998. |
|
| 300 |
_axxxvii, 529 pages ; _c20 cm. |
||
| 336 |
_2rdacontent _atext _btxt |
||
| 337 |
_2rdamedia _aunmediated _bn |
||
| 338 |
_2rdacarrier _avolume _bnc |
||
| 490 | 0 | _aOxford world's classics | |
| 504 | _aIncludes bibliographical references. | ||
| 650 | 7 |
_aConflict of generations _vFiction. _94660 _2BUEsh |
|
| 650 | 7 |
_aBrothers and sisters _vFiction. _94661 _2BUEsh |
|
| 650 | 7 |
_aLoss (Psychology) _vFiction. _94662 _2BUEsh |
|
| 650 | 7 |
_aYoung women _vFiction. _94663 _2BUEsh |
|
| 650 | 7 |
_aWater mills _vFiction. _94664 _2BUEsh |
|
| 650 | 7 |
_aVendetta _vFiction. _94665 _2BUEsh |
|
| 651 | 7 |
_aEngland _vFiction. _94666 _2BUEsh |
|
| 653 |
_bHHUUEENN _cDecember2021 |
||
| 655 | 7 |
_aLove stories. _2gsafd _vReading book |
|
| 700 | 1 |
_aHaight, Gordon Sherman, _eauthor of introduction, etc. _94668 |
|
| 942 |
_2ddc _cBB |
||
| 999 |
_c11516 _d11516 |
||